Quizzes
Events
Quiz Creation
Community
Videos
Private Events
Remove Ads
Sign In
Join for FREE
Feedback
Dark Mode
Quiz Categories
Sports
Geography
Music
Movies
Television
Just For Fun
Miscellaneous
History
Literature
Language
Science
Gaming
Entertainment
Religion
Holiday
For Kids
Quiz Lab
Recent
Popular Today
Quiz Kudos Today
Editor Picks
Curator Picks
Quizzes by...
Day
Popularity
Type
Ratings
Length
Year
Community
Subscriptions
Recent Discussions
Orange Saloon
Badges
Playlists
Quests
Create
Leaderboards
Showdown
Live 5
Trivia Bingo
Activity
Puzzle Library
Sporcle Events
Private Events
Virtual Trivia
Globe League
Become a Host
Pub Owners
SporcleCon
Opinionation
Our Games
Videos
Blog
Mobile Apps
Partnerships
Remove Ads and Go Orange
Feedback
Gaming
Video Games
Board Games
Card Games
Pokémon
Mario
Nintendo
Minecraft
Console
Toys
Legend of Zelda
Gaming
Video Games
Board Games
Card Games
Pokémon
Mario
Nintendo
Minecraft
Console
Toys
Legend of Zelda
Random Quiz
Search Sporcle
×
Quiz Lab
Quiz Lab
Gaming
Olympics
Type in answers that appear in a list
Type in answers that appear in a list
Classic
Best Score? Go Orange.
Mario and Sonic winter games characters Stats
Can you name the Can you name the characters in Mario and Sonic at the Olympic Winter Games?
By
supersonic996
6m
20 Questions
426 Plays
426 Plays
426 Plays
Comments
Comments
Give Quiz Kudos
Give Quiz Kudos
-
- Ratings
hide this ad
More Info
Replay
Link that replays current quiz
Next Quiz
Link to next quiz in quiz playlist
You Got
0%
They Got
Avg Score
79%
Avg Friend Score
Upgrade to see
Score Distribution
Jump to the score distribution portion of the page
Score
0/20
Timer
06:00
0
Plays Today
Type
Character
% Correct
All-
Around Type
Mario
98.8%
Speed Type
Sonic
95.3%
All-
Around Type
Luigi
92%
Skill Type
Princess Peach
90.1%
Power Type
Bowser
85.9%
Speed Type
Daisy
82.4%
Power Type
Wario
80.9%
Speed Type
Yoshi
80.2%
Skill Type
Tails
80%
Power Type
Knuckles
79.5%
Type
Character
% Correct
Skill Type
Waluigi
77.2%
Speed Type
Shadow
76.9%
All-
Around Type
Amy
76.7%
Skill Type
Dr. Eggman
74.8%
Power Type
Donkey Kong
73.9%
All-
Around Type
Bowser Jr.
68.9%
All-
Around Type
Blaze
68.5%
Skill Type
Silver
67.5%
Power Type
Vector
66.8%
Speed Type
Metal Sonic
65.4%
Quiz Playlist
Details
Report
Send in Message
Add To Playlist
More Info:
Basically you have to name the characters in Mario and Sonic at the Olympic Winter Games.
Classic:
Type in answers that appear in a list
Last Updated: Feb 16, 2017
Quiz Scoreboard
CHALLENGE
Sign Up to Join the Scoreboard
Show All
Scores
Hide
Comments
May contain spoilers
Recently Published
Presidents Visiting Landmarks
by Hejman
History
7m
An Introduction to Baseball
by treessimontrees
Sports
5m
Movies - When Are They Set?
by FPL_Elf
Movies
5m
More to Explore
Quiz From the Vault
Featured Blog Post
Where Did the Easter Bunny Come From?
hide this ad
You Might Also Like...
Tags
Board Games Quiz
Mario Quiz
Olympics Quiz
Character
sonic
Winter
Today's Top Quizzes in Gaming
Browse Gaming
hide this ad
Today's Top Quizzes in Olympics
Browse Olympics
Top Contributed Quizzes in Gaming
1
5-to-1: Consoles
2
5-to-1: Legend of Zelda
3
7-to-1: Board Game Piece Blitz
4
Destiny 2 exotic weapons by perk icons
5
Ultimate Genshin Impact Logic Puzzle (up to 4.3)
6
Franchise by Action Figure
7
Genshin Impact Logic Puzzle Quiz
8
Who's on the WWE 2K24 Cover?
9
Overwatch Logic Puzzle
10
League of Legends Pro Players by Career/Team History
Explore More
Trending Topics
NBA
Kpop
Harry Potter
Marvel
Disney
Crossword
Anime
Soccer
WWE
Song
Pokémon
The Office
Country
NFL
Puzzle
hide this ad
More By:
supersonic996
Quiz
Plays
Rating
Category
Featured
Created
Mario and Sonic winter games characters
426
3.00
Gaming
Nov 29, 2010
Ace Combat Games
279
3.67
Gaming
Oct 4, 2011
Go to Creator's Profile
Score Distribution
Quiz Creator Spotlight
supersonic996
Follow
Send a Message
Quizzes Created
-
Created Quiz Play Count
-
More By This Creator
Popular Quizzes Today
1
Find the US States - No Outlines Minefield
2
Find the Countries of Europe - No Outlines Minefield
3
The Countries of the World
4
Find the US States
5
Popular People in 1961
6
US States
7
Risky Map Clicking: Biggest States A-Z
8
Movies - When Are They Set?
More Gaming Quizzes
Thanos 'Snaps' the Pokémon
Editor's Pick
Trending Quizzes
Risky Map Clicking: Least Populous States A-Z
1-10 Letter G Words
1-10 Letter F Words
Risky Map Clicking: Next State Alphabetically
Risky Map Clicking: Biggest States A-Z
Recently Updated
Leaping Animals
pecheneg
Reality TV Shows (A-Z)
bhenderson79
Rickey Henderson's Hall of Fame Teammates
pecheneg
Champions League XIs: Arsenal
pecheneg
Quick Pick: Celebrities in WWE's Hall of Fame
aduchscher
A-Z Keypad Blitz II
pecheneg
Multiple Oscar Actors
pecheneg
Mystery Phrase Blitz: Oscar 'Best Actors'
pecheneg
F. Scott Fitzgerald Novels
LTH
Pick 3 Villains
ddd62291
Trending Topics
Anime
NBA
Kpop
Disney
Marvel
Harry Potter
Crossword
Country
Soccer
NFL
The Office
Pokémon
Puzzle
Song
WWE
Your Account Isn't Verified!
In order to create a playlist on Sporcle, you need to verify the email address you used during registration. Go to your
Sporcle Settings
to finish the process.
Report this User
Report this user for behavior that violates our
Community Guidelines
.
Details:
Send Report
Go to the Sporcle.com Mobile Site →
Comments